000
00289 a2200133 4500
001
194763
040
_c
Magnum
100
_a
Quintiliano, Eliú
240
1
0
_a
Amanda e os Nanorobôs
_l
por
245
1
0
_a
Amanda e os Nanorobôs
300
_a
494
697
_a
LITERATURA GERAL
942
_c
BK
999
_c
194763
_d
194763